| 000 | 01056nam a22002537a 4500 | ||
|---|---|---|---|
| 005 | 20100811125144.0 | ||
| 010 | _aENG-99480 | ||
| 020 |
_a9788132100867 _c750.00 |
||
| 035 | _aEN-83012 | ||
| 037 | _bDBAD/PUB | ||
| 082 | _a303.40954 | ||
| 245 |
_aEthnic activism and civil society in South Asia / _cedited by David N. Gellner |
||
| 260 |
_aNew Delhi _bSage Publications _c2009 |
||
| 270 |
_aB1/I-1 Mohan Cooperative Industrial Area _bNew Delhi _e110044 |
||
| 300 |
_aviii, 367p. _c22cm (Hb) |
||
| 490 |
_aGovernance, conflict and civic action series;v. 2 _912463 |
||
| 500 | _aincludes bibliographical references and index | ||
| 650 |
_aMinorities _xPolitical activity _zSouth Asia. _912464 |
||
| 650 |
_a Ethnicity _xPolitical aspects _zSouth Asia. _912465 |
||
| 650 |
_a Civil society _zSouth Asia. _912466 |
||
| 700 |
_aGellner, David N. _912450 |
||
| 942 |
_2ddc _cEN _h303.40954 _mETH |
||
| 999 |
_c40953 _d40953 |
||